| 000 | 01050nam a22003137a 4500 | ||
|---|---|---|---|
| 001 | 8060 | ||
| 003 | FISKH | ||
| 005 | 20260304091456.0 | ||
| 008 | 250820b cb ||||| |||| 00| 0 eng d | ||
| 020 | _a9780439755351 | ||
| 040 |
_aFISKH _beng _cFISKH _dFISKH |
||
| 050 | _aQA115 .L48 | ||
| 082 | _a513 | ||
| 100 | _aLewis, J.Patrick | ||
| 245 |
_aArithme-tickle : _bAn even number of odd riddle-rhymes / _cBy J.Patrick Lewis : Illustrated by Frank Remkiewicz |
||
| 250 | _aFirst Scholastic printing, March 2005 | ||
| 260 |
_aNew York : _bScholastic , _c2002. |
||
| 300 |
_a32 pages : _bcolor illustrations ; _c27 cm . |
||
| 505 | _aM | ||
| 520 | _aRhyming text and illustrations present a variety of math problems. | ||
| 521 | 8 |
_a550
_bLexile estimate |
|
| 521 | 8 |
_aM
_bRaz-Plus |
|
| 650 |
_aMultiplication _vJuvenile Literature |
||
| 650 |
_aNumber sense _vJuvenile Literature |
||
| 650 |
_aLiving math _vJuvenile Literature |
||
| 700 |
_aRemkiewicz , Frank _eIllustrator |
||
| 942 |
_2ddc _cBK _n0 |
||
| 999 |
_c8060 _d8060 |
||